Fr. Conceicao Rodrigues College of Engineering

Elements of plane trigonometry (Record no. 34628)

MARC details
000 -LEADER
fixed length control field 00303nam a2200133Ia 4500
082 ## - DEWEY DECIMAL CLASSIFICATION NUMBER
Classification number 516.2
Item number SHA
100 ## - MAIN ENTRY--PERSONAL NAME
Personal name Sharp /Henry
245 ## - TITLE STATEMENT
Title Elements of plane trigonometry
260 ## - PUBLICATION, DISTRIBUTION, ETC.
Name of publisher, distributor, etc. Prentice Hall of India
Place of publication, distribution, etc. New Jersey
Date of publication, distribution, etc. 1958
300 ## - PHYSICAL DESCRIPTION
Extent 274
546 ## - LANGUAGE NOTE
Language note ENGLISH
654 ## - SUBJECT ADDED ENTRY--FACETED TOPICAL TERMS
Focus term Plane
942 ## - ADDED ENTRY ELEMENTS (KOHA)
Koha item type BOOK
Holdings
Withdrawn status Lost status Damaged status Not for loan Collection Home library Current library Date acquired Total Checkouts Full call number Barcode Date last seen Price effective from Koha item type
        AFT Fr. Agnel's C.Rodrigues College of Engineering Fr. Agnel's C.Rodrigues College of Engineering 17/03/2023   516.2 SHA AFT1520 17/03/2023 17/03/2023 BOOK